000 00282nam a2200121Ia 4500
008 190216s9999||||xx |||||||||||||| ||und||
100 _aSivasankaran.T
245 0 _aModern Prose Patterns
260 _bMacmillan India Ltd
300 _a192
650 _aEnglish Prose
942 _cBK
999 _c13066
_d13066